Indian people fight for national liberation : (Record no. 129686)
[ view plain ]
| 000 -LEADER | |
|---|---|
| fixed length control field | 00783nam a22002297a 4500 |
| 005 - DATE AND TIME OF LATEST TRANSACTION | |
| control field | 20170124110101.0 |
| 010 ## - LIBRARY OF CONGRESS CONTROL NUMBER | |
| LC control number | 691166 |
| 020 ## - INTERNATIONAL STANDARD BOOK NUMBER | |
| Terms of availability | 045.00 |
| 035 ## - SYSTEM CONTROL NUMBER | |
| System control number | 691166 |
| 037 ## - SOURCE OF ACQUISITION | |
| Source of stock number/acquisition | Cen Lib/Ret |
| 040 ## - CATALOGING SOURCE | |
| Original cataloging agency | DPL |
| Language of cataloging | EN |
| 082 ## - DEWEY DECIMAL CLASSIFICATION NUMBER | |
| Classification number | 954.0841 |
| Item number | CHA |
| 100 ## - MAIN ENTRY--PERSONAL NAME | |
| Personal name | Chaudhary, Sukhbir |
| 9 (RLIN) | 27127 |
| 245 ## - TITLE STATEMENT | |
| Title | Indian people fight for national liberation : |
| Statement of responsibility, etc | by Sukhbir Chaudhary |
| Remainder of title | non-coperation, khilafat and revivalist movements 1920-22 / |
| 260 ## - PUBLICATION, DISTRIBUTION, ETC. (IMPRINT) | |
| Name of publisher, distributor, etc | Srijanee Prakashan |
| Place of publication, distribution, etc | New Delhi |
| Date of publication, distribution, etc | 1972 |
| 270 ## - ADDRESS | |
| City | New Delhi |
| Address | Flat-33, Sanskar Market |
| Postal code | 110001 |
| 300 ## - PHYSICAL DESCRIPTION | |
| Extent | xv, 456p. |
| Dimensions | 21cm(Hb) |
| 500 ## - GENERAL NOTE | |
| General note | Includes bibliographical references and index |
| 650 ## - SUBJECT ADDED ENTRY--TOPICAL TERM | |
| Topical term or geographic name as entry element | History |
| Geographic subdivision | India |
| 9 (RLIN) | 436 |
| 650 ## - SUBJECT ADDED ENTRY--TOPICAL TERM | |
| Topical term or geographic name as entry element | Political movements |
| 9 (RLIN) | 79709 |
| 942 ## - ADDED ENTRY ELEMENTS (KOHA) | |
| Source of classification or shelving scheme | Dewey Decimal Classification |
| Koha item type | English Books |
| Classification part | 954.0841 |
| Call number suffix | CHA |
| Withdrawn status | Lost status | Damaged status | Not for loan | Home library | Current library | Date acquired | Source of acquisition | Cost, normal purchase price | Total Checkouts | Full call number | Barcode | Date last seen | Date checked out | Copy number | Cost, replacement price | Price effective from | Koha item type |
|---|---|---|---|---|---|---|---|---|---|---|---|---|---|---|---|---|---|
| Central Library | Central Library | 07/07/2015 | Cen Lib/Ret | 45.00 | 1 | 954.0841 CHA | 691166 | 18/08/2017 | 05/08/2017 | 1 | 45.00 | 07/07/2015 | English Books |
